LIBRARY & INFORMATION CENTRE, KCAET, TAVANUR

ONLINE PUBLIC ACCESS CATALOGUE (OPAC)

Integrated watershed management : (Record no. 13798)

MARC details
000 -LEADER
fixed length control field 00634cam a2200205 a 4500
020 ## - INTERNATIONAL STANDARD BOOK NUMBER
ISBN 9781845932817 (pbk. : alk. paper)
020 ## - INTERNATIONAL STANDARD BOOK NUMBER
ISBN 9781845932824 (ebook)
082 00 - DEWEY DECIMAL CLASSIFICATION NUMBER
Classification number 551.492
Item number GRE/IN
100 1# - MAIN ENTRY--AUTHOR NAME
Personal name Gregersen, H. M.
245 10 - TITLE STATEMENT
Title Integrated watershed management :
260 ## - PUBLICATION, DISTRIBUTION, ETC. (IMPRINT)
Place of publication Wallingford, Oxforshire, UK ;
-- Cambridge, MA :
Name of publisher CABI,
Year of publication c2007.
300 ## - PHYSICAL DESCRIPTION
Number of Pages xiii, 201 p. :
Other physical details ill. (some col.) ;
650 #0 - SUBJECT ADDED ENTRY--TOPICAL TERM
Topical Term Watershed management.
650 #0 - SUBJECT ADDED ENTRY--TOPICAL TERM
Topical Term Water quality management.
650 #0 - SUBJECT ADDED ENTRY--TOPICAL TERM
Topical Term Land use.
650 #0 - SUBJECT ADDED ENTRY--TOPICAL TERM
Topical Term Conservation of natural resources.
700 1# - ADDED ENTRY--PERSONAL NAME
Personal name Ffolliott, Peter F.
700 1# - ADDED ENTRY--PERSONAL NAME
Personal name Brooks, Kenneth N.
942 ## - ADDED ENTRY ELEMENTS (KOHA)
Koha item type Books
Holdings
Withdrawn status Lost status Damaged status Collection code Home library Current library Shelving location Date acquired Source of acquisition Cost, normal purchase price Full call number Accession Number Koha item type
      Reference KAUAET KAUAET Reference 31/03/2012 International Books & Periodicals Supply Service, Delhi 2873.00 551.492 GRE/IN 23426 Reference
free website counter